000
00277nam a2200109Ia 4500
008
180205s9999 xx 000 0 und d
020
_a
60663294
100
_a
O,Connor, Elizabeth
245
_a
Call to commitment /
260
_a
USA
_b
Harper & Row
_c
1963
300
_a
ix,205 pages
999
_c
354790
_d
354790